000 00302nam a2200109Ia 4500
008 200302s9999 xx 000 0 und d
100 _aDoris Bachmann Madick
245 _aCultural turns new orientations in the study of culture
260 _bWaltr De Gruyter Gmbh Berlin
260 _c2016
300 _a302
999 _c6181
_d6181